000 00306nam a22001337a 4500
008 170613b xxu||||| |||| 00| 0 eng d
020 _a1555873642
041 _aeng
080 _a94
100 _a17
101 _aSHH
245 _aVENEZUELA IN THE WAKE OF RADICAL REFORM
_cTULCHIN,J.S
942 _2udc
_cBK
999 _c17214
_d17214